BIBLIOTHÈQUE DE LA MAISON DU MEXIQUE

Logo 1 Logo 2

Maya (notice nᵒ 6562)

détails MARC
000 -Sello discográfico
campo de control de longitud fija 00916nam a2200301 4500
005 - Identificación de versión
campo de control 20251016084702.0
010 ## - Número Estándar Internacional de Libros (ISBN)
Número (ISBN) 3-8228-1242-0
035 ## - Otros números de control del sistema
Número de control del sistema 28779
099 ## - fechas locales
Tipo de ítem Koha LIBRO
100 ## - Datos de procesamiento general
Datos de procesamiento general 20020912d2001 m y1spay5003 ba
105 ## - Campo de datos codificados: Material textual, monográfico
Datos codificados de monografía a 001zy
200 1# - Título y mención de responsabilidad
Título propio Maya
Designación general del material texto impreso
Otra información del título palais et pyramides de la forêt vierge
Primer mención de responsabilidad Henri Stierlin
Declaración de responsabilidad subsiguiente photographie Anne et Henri Stierlin
210 ## - Publicación, distribución, etc.
Lugar de publicación, distribución, etc. Paris
Nombre del editor, distribuidor, etc. Taschen
Fecha de publicación, distribución, etc. 2001
215 ## - Descripción física
Designación de material específico y extensión del ítem 237 p
Otras características físicas il., fot.
Dimensiones 30 cm
345 ## - Nota de información de adquisición
Fuente de adquisición/dirección de la suscripción [OBSOLETO] Donación
606 ## - Término temático usado como materia
Elemento de entrada Arquitectura maya
Número Koha 1339
607 ## - Nombre geográfico utilizado como tema
Elemento de entrada América Central
Subdivisión temática Antigüedades
Número Koha 2367
660 ## - Código de área geográfica
Código MX
700 ## - Nombre personal - Responsabilidad primaria
Elemento de entrada Stierlin
Parte del nombre distinta del elemento de entrada Henri
Fechas 1928-2022
Número Koha 12461
702 ## - Nombre personal - Responsabilidad secundaria
Elemento de entrada Stierlin
Parte del nombre distinta del elemento de entrada Anne
Número Koha 12462
801 #0 - Fuente de origen
Agencia cm
900 ## -
-- 1/2213
900 ## -
-- 7100214000\120902
942 ## - ELEMENTOS DE ENTRADA SECUNDARIOS (KOHA)
Tipo de ítem Koha Livre
996 ## -
-- MEX
-- 751145101
-- MMAG
-- 012944
-- 972.011 S855M
-- 20250416LIV
Exemplaires
Estatus retirado Estado de daño Estado de pérdida Fecha de adquisición Biblioteca de origen Biblioteca actual Ubicación en estantería Código de barras Precio de reemplazo Signatura topográfica completa No para préstamo Tipo de ítem Koha Nota pública Nota no pública
      05/08/2025 Casa México Paris Casa México Paris   012944 05/08/2025 972.011 S855M   Livre 20250416LIV 751145101